Sports Quiz

Random Sports or Baseball Quiz

Baseball on Final Jeopardy! Quiz Stats

 Plays Quiz Updated Aug 24, 2019

Score 0/41 Timer 15:00
2 Plays Today
Year % Correct
2016Yogi Berra
85.1%
2015Arizona Diamondbacks
81.1%
2011Montana
78.4%
2010Hank Aaron
73.8%
2008Toronto
70.8%
2013Atlanta Braves
66.9%
2004triple play
63.1%
2001baseballs
62.5%
2010Baseball
62.3%
1999American League
61.6%
2014Chicago Cubs
61.2%
2001Babe Ruth
61.1%
1984New York and Chicago
56.4%
1985White Sox and Red Sox
56.1%
2010Sammy Sosa and Mark McGwire
55.9%
1996Babe Ruth
54.5%
2009Philadelphia Phillies
52.6%
2002Braves
51.9%
1998Cardinals and Giants
51.6%
2008Knuckleball
51.6%
1998Pittsburgh Pirates
49.8%
Year % Correct
2003Marilyn Monroe
47.2%
2000Atlanta Braves
46.8%
2011Richard Nixon
46.5%
1990St. Louis
45.4%
2002Murderer's Row
45%
2015Los Angeles Angels
43.6%
2002Jim Thorpe
37.9%
2001Pittsburgh Pirates
37.3%
2010Abner Doubleday
35.6%
1987Montreal Expos
35.5%
2005Mariners and Marlins
33.9%
2012Beavis & Butthead
31.8%
2011Mark Twain
29.1%
1996Casey Stengel
25.7%
2008Chicago Cubs
25.2%
2005Take Me Out To The Ballgame
24.2%
2009Jazz
23.5%
2003wiffle ball
21.5%
2011John Fogerty
18.1%
2007Silver dollar
8.3%

You're not logged in!

Compare scores with friends on all Sporcle quizzes.
OR
Log In

Sporcle TV

Today on Sporcle TV


Watch our educational content, quiz creation guides, and fun videos on Sporcle TV.

Show Comments

Extras

Top Quizzes Today


Score Distribution

Your Account Isn't Verified!

In order to create a playlist on Sporcle, you need to verify the email address you used during registration. Go to your Sporcle Settings to finish the process.

Report this User

Report this user for behavior that violates our Community Guidelines.

Details: